| 000 | 008800000a22002650004500 | ||
|---|---|---|---|
| 003 | LK-CoMWRAF | ||
| 005 | 20231030124313.0 | ||
| 008 | 230817t2002 ||||| |||| 00| 0 eng d | ||
| 020 | _a0143029460 | ||
| 040 |
_aLK-CoMWRAF _dLK-CoMWRAF _eLK-CoMWRAF |
||
| 041 | _aeng | ||
| 082 |
_a337 _bSTI |
||
| 100 | _aStiglitz, Joseph | ||
| 245 | _aGlobalization and its Discontents | ||
| 260 |
_aNew Delhi: _bPenguin Books, _c2003 |
||
| 300 |
_axxii, 282 p. ; 25 cm. _bIndex included |
||
| 500 | _aAuthor is the winner of the Nobel prize for Economics 2001 | ||
| 650 | _aINTERNATIONAL MONETARY FUND-Developing countries | ||
| 650 | _aInternational economic integration | ||
| 650 | _aForeign trade regulation | ||
| 650 | _aInternational finance | ||
| 650 | _aGlobalization - Economic aspects -Developing countries | ||
| 650 | _aUnited States -Commercial policy | ||
| 942 | _cBK | ||
| 999 |
_c3086 _d3086 |
||